000 00589nam a2200205 i 4500
001 93006
003 ES-MaACL
005 20230906181115.0
007 t|
008 050406s1981 sp ||||1| spa d
100 1 _aLóbez Urquía, José.
_973010
245 1 0 _aEstadística intermedia... /
_cJ. Lóbez Urquía, E. Casa Aruta.
250 _a[2ª ed.].
260 _aBarcelona :
_bVicens-Vives,
_c1981.
300 _aXIII, 326 p., 4 h. ;
_c23 cm.
500 _a3ª reimp.
650 0 4 _aEstadística.
_912520
700 1 _aCasa Aruta, E.
_935983
852 _aES-MaACL
_jL-5483
_bR.106003
999 _c93006
_d93006